Mots cachés Pokémon 6G - Statistiques

Statistiques générales
  • Ce quiz a été pris 17 fois
  • Le résultat moyen est 7 sur 20
Statistiques - réponses
Mot caché Réponse % Correct
bdeeiilnpqu Blindépique
100%
beenrruvy Bruyverne
100%
ddeeenn Dedenne
100%
abbeefl Flabébé
100%
efgilnostu Flingouste
100%
aaaglnrv Galvaran
100%
ahoop Hoopa
100%
cdlmoopsuu Muplodocus
100%
eeilmnos Némélios
100%
aacelrrsw Séracrawl
100%
aelltvy Yveltal
100%
aaceeennrvx Excavarenne
80%
abehinorstuy Banshitrouye
75%
eeflott Floette
75%
adegryz Zygarde
75%
aaaagmr Amagara
67%
adeegix Exagide
67%
egilnopu Goupelin
67%
giiimrstx Mistigrix
67%
aeeginprr Pérégrain
67%
giiprssty Psystigri
67%
aeenrsx Xerneas
67%
cehmoruv Chevroum
50%
addeeeilnss Desséliande
50%
ceefnnu Feunnec
50%
aacehkrrv Kravarech
50%
eiillrsux Rexillius
50%
ilorssu Roussil
50%
aceeioprst Sepiatroce
50%
aeeglnuv Venalgue
50%
efglors Florges
40%
abiillnors Braisillon
33%
cceinoot Cocotine
33%
aaadgmrr Dragmara
33%
aabdflmrsu Flambusard
33%
aabglmst Gamblast
33%
aelmnoopr Monorpale
33%
adinprrtuy Ptyranidur
33%
aaeeprsu Sapereau
33%
efilntuv Fluvetin
25%
deeiilllnop Lépidonille
25%
aaabdenprr Pandarbare
25%
iillmnoprs Prismillon
25%
ahilmnpy Nymphali
20%
ccilmosuu Colimucus
17%
eeimnopr Opermine
17%
abhiimnop Amphinobi
0%
beegiorssu Boguérisse
0%
bceelmoor Brocélôme
0%
abbeilrrtu Brutalibré
0%
aabceiilnor Cabriolaine
0%
aacefloru Couafarel
0%
aaclooprr Croâporal
0%
aacceillnpu Cupcanaille
0%
acdeiin Diancie
0%
cdeilmos Dimoclès
0%
aegghloopt Golgopathe
0%
aceglnor Grelaçon
0%
eegnorssu Grenousse
0%
aceehilnou Hélionceau
0%
agilotu Iguolta
0%
aimnorss Marisson
0%
ccelmsuuu Mucuscule
0%
adeeegilnpps Pandespiègle
0%
aeegoprssu Passerouge
0%
eiilloprtu Pitrouille
0%
aeioppst Sepiatop
0%
eeillnorsst Sonistrelle
0%
aeirssst Strassie
0%
cinoqrsuu Sucroquin
0%
eilnorsstu Trousselin
0%
acilnnoov Volcanion
0%
Aucun quiz correspondant
Distribution des résultats
% des personnes avec chaque résultat
Percentile par nombre de réponses
Votre historique - résultats
Vous n’avez pas pris ce quiz